000 00309nam a2200133Ia 4500
003 OSt
005 20220107122718.0
008 130620s9999 xx 000 0 und d
040 _cIIITM-K
100 _aMarymol Joseph
_91056
245 _aAutomated audit tool
650 _aFILE AUDITING
_91057
942 _2ddc
_cPR
999 _c3100
_d3100